=LDR 00000nam 2200000 4500 =001 INLIS000000000005238 =005 20251010100847 =035 ##$$a 0010-1025000293 =007 ta =008 251010###########################0#ind## =082 ##$$a 612.661 =084 ##$$a 612.661 ENU p =100 #$$a Enud J. Surjana =245 1#$$a Program Penelitian Usia Rata-Rata Menars Pada Siswi-Siswi Sekolah Lanjutan Tingkat Pertama di DKI Jaya dan Beberapa Faktor yang Mempengaruhinya /$c Badan Koordinasi Keluarga Berencana Nasional =260 ##$$a Jakarta :$b Badan Koordinasi Keluarga Berencana Nasional,$c 1987 =300 ##$$a 16 Hal : $b Ilus ; $c 21 =650 #4$$a Keluarga Berencana =700 #$$a Hatma Tunggul Manik Sukirna =856 ##$$a Perpustakaan Kemendukbangga